<?xml version="1.0" encoding="UTF-8"?><?xml-stylesheet type="text/xsl" href="static/style.xsl"?><OAI-PMH xmlns="http://www.openarchives.org/OAI/2.0/" xmlns:xsi="http://www.w3.org/2001/XMLSchema-instance" xsi:schemaLocation="http://www.openarchives.org/OAI/2.0/ http://www.openarchives.org/OAI/2.0/OAI-PMH.xsd"><responseDate>2026-04-27T08:17:42Z</responseDate><request verb="GetRecord" identifier="oai:uvadoc.uva.es:10324/45281" metadataPrefix="marc">https://uvadoc.uva.es/oai/request</request><GetRecord><record><header><identifier>oai:uvadoc.uva.es:10324/45281</identifier><datestamp>2025-01-29T08:58:12Z</datestamp><setSpec>com_10324_1153</setSpec><setSpec>com_10324_931</setSpec><setSpec>com_10324_894</setSpec><setSpec>col_10324_1287</setSpec></header><metadata><record xmlns="http://www.loc.gov/MARC21/slim" xmlns:doc="http://www.lyncode.com/xoai" xmlns:xsi="http://www.w3.org/2001/XMLSchema-instance" xmlns:dcterms="http://purl.org/dc/terms/" xsi:schemaLocation="http://www.loc.gov/MARC21/slim http://www.loc.gov/standards/marcxml/schema/MARC21slim.xsd">
<leader>00925njm 22002777a 4500</leader>
<datafield tag="042" ind1=" " ind2=" ">
<subfield code="a">dc</subfield>
</datafield>
<datafield tag="720" ind1=" " ind2=" ">
<subfield code="a">Pena López, Claudia</subfield>
<subfield code="e">author</subfield>
</datafield>
<datafield tag="260" ind1=" " ind2=" ">
<subfield code="c">2018</subfield>
</datafield>
<datafield tag="520" ind1=" " ind2=" ">
<subfield code="a">El tratamiento de la figura de la mujer ha estado presente en la literatura&#xd;
universal desde tiempos inmemoriales. Si nos centramos en un período más&#xd;
restringido y miramos a la mujer desde la perspectiva comprendida entre los siglos&#xd;
XVIII y XX, veremos que el principio fundamental no ha cambiado tanto. Esto se vuelve&#xd;
aún más cierto si tenemos en cuenta que nos proponemos realizar este análisis a partir&#xd;
de dos grandes autores: Marivaux y Lorca.</subfield>
</datafield>
<datafield tag="024" ind2=" " ind1="8">
<subfield code="a">Brouardelle, Nadia; Ibeas, Juan Manuel (coords.). Mujer y surrealismo. Bilbao: Universidad del País Vasco, 2018</subfield>
</datafield>
<datafield tag="024" ind2=" " ind1="8">
<subfield code="a">978-84-9082-800-7</subfield>
</datafield>
<datafield tag="024" ind2=" " ind1="8">
<subfield code="a">http://uvadoc.uva.es/handle/10324/45281</subfield>
</datafield>
<datafield ind1=" " ind2=" " tag="653">
<subfield code="a">Surrealismo (Literatura)</subfield>
</datafield>
<datafield ind1=" " ind2=" " tag="653">
<subfield code="a">García Lorca, Federico (1898-1936)</subfield>
</datafield>
<datafield ind1=" " ind2=" " tag="653">
<subfield code="a">Marivaux, Pierre Carlet de Chamblain de (1688-1763)</subfield>
</datafield>
<datafield ind1=" " ind2=" " tag="653">
<subfield code="a">Mujeres en la literatura</subfield>
</datafield>
<datafield tag="245" ind1="0" ind2="0">
<subfield code="a">El surrealismo como vía de escape a la pasión en Lorca y Marivaux</subfield>
</datafield>
</record></metadata></record></GetRecord></OAI-PMH>